[Event "POL-chT U19 2nd League"]
[Site "Chelm Lubelski"]
[Date "2010.07.12"]
[Round "8"]
[White "Luka, Krzysztof"]
[Black "Rudol, Maurycy"]
[Result "1/2-1/2"]
[WhiteElo "1897"]
[BlackElo "1678"]
[PlyCount "71"]
[EventDate "2010.07.06"]
[EventType "team-tourn"]
[EventRounds "11"]
[EventCountry "POL"]
[SourceTitle "EXT 2011"]
[Source "ChessBase"]
[SourceDate "2010.11.26"]
[SourceVersion "1"]
[SourceVersionDate "2010.11.26"]
[SourceQuality "1"]
[WhiteTeam "Rzeszow Staroniwa U19"]
[BlackTeam "Jaworzno JKSz MCKiS U19 II"]
[WhiteTeamCountry "POL"]
[BlackTeamCountry "POL"]

1. d4 d5 2. c4 e6 3. Nf3 c6 4. Nc3 dxc4 5. a4 Bb4 6. e3 b5 7. Bd2 Bxc3 8. Bxc3 a5 9. d5 f6 10. dxc6 Qxd1+ 11. Rxd1 b4 12. Bd2 Nxc6 13. Bxc4 Nge7 14. Nd4 Nxd4 15. exd4 Kf7 16. 0-0 Ba6 17. Bxa6 Rxa6 18. Rc1 Rd8 19. Be3 Nf5 20. Rc7+ Kg6 21. Rd1 Rad6 22. Rc5 Nxd4 23. Bxd4 Rxd4 24. Rxd4 Rxd4 25. Kf1 Rd5 26. Rc2 Rd1+ 27. Ke2 Ra1 28. b3 Rb1 29. Rc5 Rxb3 30. Rxa5 Ra3 31. Ra8 Ra2+ 32. Ke3 b3 33. Rb8 b2 34. a5 Rxa5 35. Rxb2 Ra3+ 36. Kf4 1/2-1/2

[Event "POL-chT U19 39th"]
[Site "Gorzow Wielkopolski"]
[Date "2008.07.13"]
[Round "9.16"]
[White "Rudol, Maurycy"]
[Black "Szewczyk, Mariusz"]
[Result "0-1"]
[WhiteElo "1664"]
[BlackElo "2048"]
[PlyCount "84"]
[EventDate "2008.07.05"]
[EventType "team-tourn"]
[EventRounds "9"]
[EventCountry "POL"]
[SourceTitle "EXT 2019"]
[Source "ChessBase"]
[SourceDate "2018.10.10"]
[SourceVersion "1"]
[SourceVersionDate "2018.10.10"]
[SourceQuality "1"]
[WhiteTeam "Jaworzno JKSz MCKiS U19"]
[BlackTeam "Warszawa Polonia U19"]
[WhiteTeamCountry "POL"]
[BlackTeamCountry "POL"]

1. e4 e5 2. Nf3 Nc6 3. Bb5 a6 4. Ba4 Bc5 5. d3 d6 6. 0-0 Nge7 7. c3 b5 8. Bc2 Bg4 9. Nbd2 0-0 10. Re1 f5 11. Nf1 f4 12. b4 Bb6 13. Bb2 Ng6 14. h3 Bh5 15. a3 Nh4 16. N1h2 Qf6 17. Bb3+ Bf7 18. Bxf7+ Rxf7 19. d4 Rd8 20. Re2 Nxf3+ 21. Nxf3 g5 22. Rd2 Rfd7 23. Qb3+ Kf8 24. Rad1 h6 25. Kh1 Qf7 26. Qxf7+ Kxf7 27. dxe5 Ke6 28. exd6 Rxd6 29. Rxd6+ Rxd6 30. Rxd6+ Kxd6 31. e5+ Nxe5 32. Nxe5 Kxe5 33. f3 h5 34. h4 gxh4 35. Kh2 Kd5 36. c4+ bxc4 37. Kh3 Bf2 38. Bc3 c5 39. bxc5 Kxc5 40. Bd2 Bg3 41. a4 Kd4 42. a5 Kd3 0-1

[Event "POL-chT U19 39th"]
[Site "Gorzow Wielkopolski"]
[Date "2008.07.11"]
[Round "7.10"]
[White "Rudol, Maurycy"]
[Black "Wiewiora, Eneasz"]
[Result "0-1"]
[WhiteElo "1664"]
[BlackElo "1992"]
[PlyCount "88"]
[EventDate "2008.07.05"]
[EventType "team-tourn"]
[EventRounds "9"]
[EventCountry "POL"]
[SourceTitle "EXT 2019"]
[Source "ChessBase"]
[SourceDate "2018.10.10"]
[SourceVersion "1"]
[SourceVersionDate "2018.10.10"]
[SourceQuality "1"]
[WhiteTeam "Jaworzno JKSz MCKiS U19"]
[BlackTeam "Gliwice Politechnika Slaska U19"]
[WhiteTeamCountry "POL"]
[BlackTeamCountry "POL"]

1. e4 Nf6 2. Nc3 d5 3. e5 d4 4. exf6 dxc3 5. fxg7 cxd2+ 6. Qxd2 Qxd2+ 7. Bxd2 Bxg7 8. 0-0-0 Bg4 9. f3 Bf5 10. Ne2 Nd7 11. Ng3 Bg6 12. Be3 a6 13. Bc4 0-0-0 14. h4 h5 15. Ne2 e5 16. Nc3 Nf6 17. Nd5 Nxd5 18. Bxd5 c6 19. Bc4 Kc7 20. g3 Rhe8 21. Rhe1 Rg8 22. f4 Rxd1+ 23. Kxd1 Rd8+ 24. Kc1 b5 25. Bb3 Rd7 26. c3 e4 27. Bc5 Rd3 28. Bc2 Rxg3 29. Bxe4 Bxe4 30. Rxe4 Bf6 31. Be7 Bg7 32. Bg5 Kd6 33. Re7 Rxg5 34. Rxf7 Rg4 35. f5 Be5 36. Ra7 Rxh4 37. Rxa6 Rf4 38. Kc2 Rxf5 39. a4 bxa4 40. Rxa4 Rf7 41. Rh4 Rh7 42. b4 Bg3 43. Rd4+ Kc7 44. c4 h4 0-1

[Event "POL-chT U19 39th"]
[Site "Gorzow Wielkopolski"]
[Date "2008.07.06"]
[Round "2.22"]
[White "Rudol, Maurycy"]
[Black "Golinski, Damian"]
[Result "0-1"]
[WhiteElo "1664"]
[BlackElo "1898"]
[PlyCount "60"]
[EventDate "2008.07.05"]
[EventType "team-tourn"]
[EventRounds "9"]
[EventCountry "POL"]
[SourceTitle "EXT 2019"]
[Source "ChessBase"]
[SourceDate "2018.10.10"]
[SourceVersion "1"]
[SourceVersionDate "2018.10.10"]
[SourceQuality "1"]
[WhiteTeam "Jaworzno JKSz MCKiS U19"]
[BlackTeam "Poznan UMKS Na Pieterku U19"]
[WhiteTeamCountry "POL"]
[BlackTeamCountry "POL"]

1. e4 e5 2. Nf3 Nc6 3. Bb5 a6 4. Bxc6 dxc6 5. 0-0 Bg4 6. h3 h5 7. d3 Qf6 8. Be3 Ne7 9. Nbd2 Rd8 10. Qe1 Bxf3 11. Nxf3 Qe6 12. Qa5 f6 13. Qxc7 g5 14. Ne1 Rd7 15. Qb6 Ng6 16. Rd1 g4 17. d4 exd4 18. Rxd4 gxh3 19. Rxd7 Qxd7 20. g3 h2+ 21. Kh1 h4 22. Ng2 Be7 23. Qb3 Qg4 24. Qxb7 h3 25. Qxc6+ Kf8 26. Ne1 Qe2 27. Kxh2 Qxf1 28. Qc3 Ne5 29. Qc8+ Kg7 30. Qe6 Nf3+ 0-1

[Event "POL-chT U19 38th"]
[Site "Szklarska Poreba"]
[Date "2007.07.09"]
[Round "10"]
[White "Rudol, Maurycy"]
[Black "Adamowicz, Katarzyna"]
[Result "0-1"]
[WhiteElo "1632"]
[BlackElo "2007"]
[PlyCount "70"]
[EventDate "2007.07.02"]
[EventType "team-tourn"]
[EventRounds "11"]
[EventCountry "POL"]
[SourceTitle "EXT 2010"]
[Source "ChessBase"]
[SourceDate "2010.11.25"]
[SourceVersion "1"]
[SourceVersionDate "2010.11.25"]
[SourceQuality "1"]
[WhiteTeam "Jaworzno JKSz MCKiS U19"]
[BlackTeam "Koszalin Hetman Politechnika U19"]
[WhiteTeamCountry "POL"]
[BlackTeamCountry "POL"]

1. e4 e5 2. Nf3 Nc6 3. Bb5 a6 4. Ba4 Nf6 5. d3 b5 6. Bb3 Be7 7. Nbd2 0-0 8. Nf1 d6 9. Ng3 Na5 10. c3 Nxb3 11. Qxb3 c5 12. 0-0 Be6 13. Qc2 h6 14. a3 a5 15. Rb1 a4 16. d4 exd4 17. cxd4 Re8 18. d5 Bd7 19. Bf4 Bf8 20. Rfe1 Qb6 21. Rbd1 Bg4 22. e5 dxe5 23. Bxe5 Nd7 24. Bf4 Qf6 25. Qd2 Bxf3 26. gxf3 g5 27. Be3 Qxf3 28. Qc2 Rac8 29. Nf5 Ne5 30. d6 Qh3 31. f4 Nf3+ 32. Kh1 Nxe1 33. Rxe1 Bxd6 34. Nxd6 Rxe3 35. Rxe3 Qf1# 0-1

[Event "POL-chT3 U19 Slaska"]
[Site "Slask"]
[Date "2007.05.20"]
[Round "10.32"]
[White "Rudol, Maurycy"]
[Black "Iwanczuk, Wojciech"]
[Result "1/2-1/2"]
[WhiteElo "1619"]
[BlackElo "1600"]
[PlyCount "88"]
[EventDate "2007.01.27"]
[EventType "team-tourn"]
[EventRounds "11"]
[EventCountry "POL"]
[SourceTitle "EXT 2019"]
[Source "ChessBase"]
[SourceDate "2018.10.10"]
[SourceVersion "1"]
[SourceVersionDate "2018.10.10"]
[SourceQuality "1"]
[WhiteTeam "Jaworzno JKSz MCKiS U19 II"]
[BlackTeam "Imielin MKSz Diagonalia U19"]
[WhiteTeamCountry "POL"]
[BlackTeamCountry "POL"]

1. e4 e5 2. Nf3 Nf6 3. Nxe5 d6 4. Nf3 Nxe4 5. Nc3 d5 6. Be2 Nc6 7. d4 Bb4 8. Bd2 Bxc3 9. bxc3 0-0 10. 0-0 Re8 11. Re1 Bf5 12. h3 Qd7 13. Bd3 Re6 14. Bxe4 Rxe4 15. Rxe4 Bxe4 16. Bf4 Re8 17. Ne5 Nxe5 18. Bxe5 c6 19. Qd2 Qf5 20. Rc1 Qg6 21. Bg3 Bf5 22. Re1 Rxe1+ 23. Qxe1 Qe6 24. Qxe6 fxe6 25. Bb8 a6 26. Kf1 Kf7 27. Ke2 Bxc2 28. Bd6 Ba4 29. h4 Bb5+ 30. Ke3 Bc4 31. a3 a5 32. Bc7 a4 33. Bd6 b5 34. h5 Bf1 35. g4 Bh3 36. f3 Bf1 37. Kf4 Be2 38. Ke3 Bd1 39. Kf4 g6 40. h6 Bc2 41. g5 Bd1 42. Kg4 Be2 43. Kf4 Bd3 44. Ke5 Be2 1/2-1/2